Cartas de Clash Royale más lentas - Estadísticas

Estadísticas generales
  • Esta prueba ha sido intentada 48 veces
  • La puntuación promedio es 6 de 10
Estadísticas de respuestas
Elixir Respuesta % Correcto
8 Golem
97%
7 Pekka
94%
5 Gigante
86%
3 Golem de elixir
71%
6 Gigante noble
66%
2 Golem de hielo
63%
7 Gigante eléctrico
51%
7 Sabueso de lava
40%
6 Chispitas
34%
5 Lanzarrocas
29%
No se encontraron pruebas coincidentes
Distribución de puntuación
Porcentaje de gente con cada puntuación
Porcentaje por número respondido
Historial de tus puntuaciones
No has intentado esta prueba.